000 03038nam0a22005051 4500
001 v19\rc\2109868
005 20210820125934.0
035 _a(NLR Aleph) 005181407
090 _a5135142
_c5135142
100 _a20090914d1813 m y0rusy50 ca
101 0 _arus
102 _aRU
135 _acrcn 024anaba
140 _ay y zz yaa0000
200 1 _aВзгляд на кампанию Дунайскую 1811 года.
210 _aСанктпетербург
_cв типографии Иос. Иоаннесова
_d1813
215 _a[4], 59, [1] с.
_d
300 _aЦенз.: И.О. Тимковский, 3 апр. 1813 г.
300 _aНа тит. л. посвящ. М.И. Кутузову с подписью: подполковник Андрей Энгельгардт
316 _aЭкз. РНБ (18.18.5.88) в сост. картон. пер. середины XX в., оклеенном серым ледерином. Корешок гладкий. На нижней крышке пер. экслибрис рус. фонда РНБ с шифром. Сохранена старая обл. из голубой бумаги. На 1-й с. обл. ярлык с шифром РНБ. На 2-й с. обл. ярлык с шифром РНБ и старый ярлык. На тит.л. круглый штамп ИПБ в венке с короной. На тит.л., с.33 и 59 круглый штамп ГПБ. Размер: 19,8х12,6х1,0 см
_5NLR: 18.18.5.88
325 _aКопия доступна в Электрон. б-ке РНБ
532 1 1 _aВзгляд на кампанию Дунайскую тысяча восемьсот одиннадцатого года
620 _aСанкт-Петербург
700 1 _aЭнгельгардт
_bА. В.
_f1785-1834
_gАндрей Васильевич
_4070
702 1 _aТимковский
_bИ. О.
_f1768-1837
_gИван Осипович
_4190
702 1 _aИоаннесов
_bИ. И.
_f1774-1862
_gИосиф Иванович
_4610
712 0 0 _aИоаннесов,
_gИ.,
_hтип.
_cПетербург
_3RU\NLR\AUTH\8810035693
_4610
801 0 _aRU
_bNLR
_gpsbo
801 1 _aRU
_bProSoft-M
_2rusmarc
852 _aNLR
_j18.18.5.88
856 0 _uhttps://vivaldi.nlr.ru/bx000025623/view
856 1 _uhttps://vivaldi.nlr.ru/bx000025623/cover
856 2 _uhttps://vivaldi.nlr.ru/bx000025623/text
942 _cBOOK
980 3 _akpcivil2021
980 3 _akp2021
980 3 _akp
980 _aNB
981 2 2 _a(22) Материалы по истории России
_b(22) Военное дело
981 2 0 _a(20) Книжные памятники РНБ
_b(20) Русский книжный фонд